[Event "Kiev Spring op"]
[Site "Kiev"]
[Date "2023.03.31"]
[Round "9"]
[White "Maly, Alexey"]
[Black "Stepanov, Vadim"]
[Result "1-0"]
[WhiteElo "2355"]
[BlackElo "1712"]
[PlyCount "101"]
[EventDate "2023.03.25"]
[EventType "swiss"]
[EventRounds "9"]
[EventCountry "UKR"]
[SourceTitle "EXT 2024"]
[Source "ChessBase"]
[SourceDate "2023.10.10"]
[SourceVersion "1"]
[SourceVersionDate "2023.10.10"]
[SourceQuality "1"]

1. d4 Nf6 2. c4 g6 3. Nc3 d5 4. cxd5 Nxd5 5. e4 Nxc3 6. bxc3 Bg7 7. Nf3 c5 8. Be3 Qa5 9. Qd2 Nc6 10. Rc1 cxd4 11. cxd4 Qxd2+ 12. Kxd2 0-0 13. d5 Rd8 14. Ke1 Nb4 15. a3 Na2 16. Rc4 b5 17. Rc7 Rd7 18. Rxd7 Bxd7 19. Nd4 Nc3 20. Bd3 f5 21. f3 a5 22. Kd2 fxe4 23. fxe4 b4 24. Ra1 Ba4 25. axb4 axb4 26. Bc2 b3 27. Bxb3 Nxe4+ 28. Ke1 Nc5 29. Bd1 Kf7 30. Ra3 Ra6 31. Be2 Ra8 32. Nb5 Ra5 33. Bxc5 Rxb5 34. Bxb5 Bxb5 35. Ra7 Bc3+ 36. Kd1 Bf6 37. Bxe7 Bxe7 38. d6 Ba4+ 39. Kd2 Ke6 40. Rxe7+ Kxd6 41. Rxh7 Ke6 42. Ke3 Bc6 43. g4 Ke5 44. h4 Kf6 45. Kf4 Be8 46. Ra7 Bf7 47. g5+ Ke6 48. Ra6+ Ke7 49. Ke5 Be8 50. Re6+ Kf7 51. Rxe8 1-0

[Event "Kiev Spring op"]
[Site "Kiev"]
[Date "2023.03.28"]
[Round "5"]
[White "Stepanov, Vadim"]
[Black "Lymar, Vladislav"]
[Result "1-0"]
[WhiteElo "1712"]
[BlackElo "2119"]
[PlyCount "151"]
[EventDate "2023.03.25"]
[EventType "swiss"]
[EventRounds "9"]
[EventCountry "UKR"]
[SourceTitle "EXT 2024"]
[Source "ChessBase"]
[SourceDate "2023.10.10"]
[SourceVersion "1"]
[SourceVersionDate "2023.10.10"]
[SourceQuality "1"]

1. d4 d5 2. c4 e6 3. Nc3 c5 4. cxd5 exd5 5. Nf3 Nc6 6. g3 Nf6 7. Bg2 Be7 8. 0-0 0-0 9. Bg5 c4 10. Ne5 Be6 11. f4 Ng4 12. Bxe7 Nxe7 13. Qd2 f6 14. Nxg4 Bxg4 15. h3 Be6 16. e4 dxe4 17. Nxe4 Bd5 18. Rad1 Re8 19. f5 b6 20. Qf4 Nc6 21. Nd6 Bxg2 22. Kxg2 Re2+ 23. Rf2 Rxf2+ 24. Kxf2 b5 25. Ne4 Nb4 26. Nc5 Rc8 27. Qe4 Kh8 28. a3 Nd5 29. Re1 a5 30. Nb7 Qg8 31. Nd6 Rd8 32. Nxb5 h6 33. Nc3 Kh7 34. Qe6 Nc7 35. Qxg8+ Kxg8 36. d5 Na6 37. Ke3 Re8+ 38. Kd2 Rb8 39. Kc2 Nc5 40. Re7 Nd3 41. Na4 Kf8 42. Rc7 Rb5 43. d6 Rd5 44. Rc8+ Kf7 45. Rxc4 Rxd6 46. Rc7+ Kf8 47. Nc5 Nxc5 48. Rxc5 a4 49. Rc4 Ra6 50. g4 Kg8 51. h4 Ra5 52. h5 Kf8 53. Kc3 Ke8 54. Rc8+ Kd7 55. Rg8 Kd6 56. Rxg7 Ke5 57. Rg6 Kf4 58. b3 Rc5+ 59. Kb4 axb3 60. Kxb3 Rc8 61. a4 Rb8+ 62. Ka3 Ra8 63. Kb4 Rb8+ 64. Kc4 Ra8 65. Kb4 Rb8+ 66. Ka3 Ra8 67. Rxh6 Kxg4 68. Rxf6 Kxh5 69. Rb6 Rc8 70. Kb4 Rc1 71. f6 Kg6 72. a5 Rb1+ 73. Kc5 Rc1+ 74. Kb5 Rb1+ 75. Kc6 Ra1 76. a6 1-0

[Event "Kiev Spring op"]
[Site "Kiev"]
[Date "2023.03.27"]
[Round "3"]
[White "Stepanov, Vadim"]
[Black "Shishkin, Vadim"]
[Result "0-1"]
[WhiteElo "1712"]
[BlackElo "2417"]
[PlyCount "42"]
[EventDate "2023.03.25"]
[EventType "swiss"]
[EventRounds "9"]
[EventCountry "UKR"]
[SourceTitle "EXT 2024"]
[Source "ChessBase"]
[SourceDate "2023.10.10"]
[SourceVersion "1"]
[SourceVersionDate "2023.10.10"]
[SourceQuality "1"]

1. d4 Nf6 2. Nf3 g6 3. c4 Bg7 4. Nc3 0-0 5. e4 d6 6. Be2 Nbd7 7. 0-0 e5 8. dxe5 dxe5 9. Qc2 c6 10. b3 Re8 11. Rd1 Qc7 12. Ne1 Nc5 13. Be3 Ne6 14. Nd3 Nd4 15. Qb2 Be6 16. Bf1 Rad8 17. f3 Nh5 18. Qf2 f5 19. exf5 gxf5 20. Qh4 Bf7 21. Nxe5 Qxe5 0-1